[Event "Olympiad-31"]
[Site "Moscow"]
[Date "1994.12.06"]
[Round "6.3"]
[White "Kveinys, Aloyzas"]
[Black "Van Wely, Loek"]
[Result "1-0"]
[WhiteElo "2510"]
[BlackElo "2560"]
[Annotator "Boensch,U"]
[PlyCount "65"]
[EventDate "1994.12.01"]
[EventType "team-swiss"]
[EventRounds "14"]
[EventCountry "RUS"]
[SourceTitle "CBM 045"]
[Source "ChessBase"]
[SourceDate "1995.04.01"]
[SourceVersion "1"]
[SourceVersionDate "1995.04.01"]
[SourceQuality "1"]
[WhiteTeam "Lithuania"]
[BlackTeam "Netherlands"]
[WhiteTeamCountry "LTU"]
[BlackTeamCountry "NED"]

1. e4 c5 2. Nf3 d6 3. d4 cxd4 4. Nxd4 Nf6 5. Nc3 a6 6. f4 e5 7. Nf3 Nbd7 8. a4
Be7 9. Bd3 O-O 10. O-O exf4 11. Bxf4 Qb6+ 12. Kh1 Qxb2 13. Qe1 (13. Nd5 Nxd5
14. exd5 Qb6 (14... Qb4 $5) 15. Qe2 Bf6 16. Rab1 Qc5 17. c4 Qc7 18. Bg5 Qd8 19.
Qe4 g6 20. Qh4 h5 21. Bxf6 Qxf6 22. Ng5 Qe7 23. Rbe1 Ne5 24. c5 $1 $40 {
Kindermann,S-Ftacnik,L Pardubice (07) 1994 1/2 48}) (13. Qd2 Qb6 14. Nd5 (14.
Bg5 $2 Qd8 15. Nd4 Nc5 16. Nf5 Bxf5 17. Rxf5 Ng4 18. Raf1 Bxg5 19. Rxg5 Ne5 $17
{Orlov,V-Vaulin,A RUS-ch Elista (09) 1994 0-1 58 - CBM 44}) 14... Nxd5 15. exd5
Nc5 16. Ng5 (16. Rae1 Qd8 17. h3 Bd7 18. a5 Rc8 19. Re2 Nxd3 20. cxd3 Bf5 21.
Rfe1 Bf6 $15 {Adams,M-Van Wely,L Garmisch-Partenkirchen 25' (12) 1994 1-0 43 -
EXP 43}) 16... Bxg5 17. Bxg5 f6 18. Be3 Qc7 19. Bxc5 Qxc5 20. Rab1 b6 21. Qb4
Bd7 22. Qxc5 bxc5 23. Rb6 {1/2 Vogt,L-Gelfand,B Halle 1987}) 13... Qb6 (13...
Qb4 14. Rb1 Qc5 15. Nd5 Nxd5 16. exd5 Bf6 17. c4 Qc7 18. Qg3 Ne5 19. Bg5 $1
Bxg5 20. Bxh7+ $3 Kxh7 21. Nxg5+ Kh6 22. Qh4+ Kg6 23. Rb3 $1 $18 {Vogt-Womacka,
M DDR 1989}) 14. Bg5 $146 (14. Nd5 Nxd5 15. exd5 Qd8 16. Qg3 (16. c4 Nc5 17.
Bc2 Bg4 18. Qg3 (18. Ra3 Bxf3 19. Raxf3 Bg5 20. Bxg5 Qxg5 21. Rf5 Qg6 22. R5f2
Nd3 23. Bxd3 Qxd3 $17 {Sax,G-Votava,J Ekorex Cup (05) 1995 1/2 60 - CBM 45})
18... Bxf3 19. Rxf3 Bh4 (19... f5 $2 20. Raf1 g6 21. Bh6 Bh4 22. Qh3 Rf7 23.
Bxf5 $1 $40 {Reinderman-Dvoiris, Leeuwarden 1993}) 20. Qh3 g6 21. Bh6 $146 (21.
Raf1 Bg5 22. Qg3 Bxf4 23. Rxf4 Nd7 24. h4 Ne5 25. h5 Rc8 $17 {Lutz,C-Short,N
Garmisch-Partenkirchen 25' (10) 1994 0-1 45 - EXP 43}) 21... Bf6 22. Raf1 Bg7
23. g4 $1 $40 {Jepson-Rodriguez,Am Mondariz Balneario op (4) 1994 0-1 43})
16... Nc5 17. Rae1 Nxd3 18. cxd3 Bf5 19. Re3 Re8 20. Rfe1 Qd7 21. a5 Bf8 22.
Rxe8 Rxe8 23. Rxe8 Qxe8 24. Bxd6 Bxd6 25. Qxd6 f6 $15 {De Firmian,N-Van Wely,L
Akureyri 1994 1/2 50}) (14. Rb1 Qd8 15. e5 dxe5 16. Nxe5 Nc5 17. Bc4 Be6 18.
Bxe6 fxe6 19. Be3 Qc7 $17 {Zarnicki,P-Dvoirys,S Biel izt (09) 1993 0-1 36})
14... Qd8 15. Qh4 Re8 16. e5 $1 $40 dxe5 17. Bxf6 Nxf6 18. Nxe5 Be6 19. Rae1
Qa5 20. Ne4 h6 (20... Qxe5 $2 21. Nxf6+ Bxf6 22. Qxh7+ Kf8 23. Rxe5 Bxe5 24.
Qe4 $18) 21. Nxf6+ Bxf6 22. Rxf6 $1 gxf6 23. Re3 Qxe5 (23... fxe5 24. Qxh6 $18)
(23... Qd2 24. Rg3+ Kf8 25. Qxf6 Qe1+ 26. Bf1 $18 {z.B.} Rad8 27. Ng6+ Kg8 28.
Qh8#) 24. Rxe5 $18 fxe5 25. Qxh6 Rad8 26. h4 $1 Rd4 27. Bh7+ Kh8 28. h5 Rxa4
29. Kg1 Ra2 30. Kh2 Rc8 31. Bf5+ Kg8 32. Qh7+ Kf8 33. Bxe6 1-0

[Event "URS-ch46 First League"]
[Site "Ashkhabad"]
[Date "1978.??.??"]
[Round "13"]
[White "Kapengut, Albert Z"]
[Black "Savon, Vladimir A"]
[Result "1/2-1/2"]
[WhiteElo "2465"]
[BlackElo "2560"]
[Annotator "Bulletin"]
[PlyCount "82"]
[EventDate "1978.10.??"]
[EventType "tourn"]
[EventRounds "17"]
[EventCountry "URS"]
[EventCategory "10"]
[SourceTitle "MCL"]
[Source "ChessBase"]
[SourceDate "1999.07.01"]
[SourceVersion "1"]
[SourceVersionDate "1999.07.01"]
[SourceQuality "1"]

1. e4 c5 2. Nf3 d6 3. d4 cxd4 4. Nxd4 Nf6 5. Nc3 a6 6. f4 Qc7 7. Bd3 e5 (7...
Nc6) (7... g6) 8. Nf3 Be7 9. O-O Nbd7 10. Qe1 (10. Nh4 Nc5 11. fxe5 dxe5 12.
Bg5 Be6 13. Nf5 $14) 10... b5 11. Kh1 O-O (11... Nc5 12. fxe5 dxe5 13. Qg3) 12.
fxe5 dxe5 13. Bg5 b4 (13... Bb7 14. Nh4 Nc5 15. Bxf6) 14. Nd5 Nxd5 15. exd5 f6
(15... Bd6 16. Nh4) 16. Qe4 g6 17. Bh6 (17. d6 $2 Bxd6 18. Qxa8 Bb7 19. Qxf8+
Bxf8 $17) 17... Bb7 $1 $14 (17... Nc5 18. Qc4) (17... Rf7 18. d6) (17... Rd8
18. d6 Bxd6 19. Qd5+ Kh8 20. Qf7 Bf8 21. Bxg6 hxg6 22. Nh4 $18) 18. Bxf8 Rxf8
19. Qe2 a5 20. Rad1 Bd6 21. h3 Nc5 22. Bb5 Qe7 23. Nd2 f5 24. Nc4 Ne4 25. Rf3
Qc7 26. Nxd6 Qxd6 27. c4 Nc5 28. a3 e4 29. Re3 Bc8 $1 30. axb4 axb4 31. Qe1 f4
32. Rxe4 Nxe4 33. Qxe4 f3 34. Rf1 fxg2+ 35. Qxg2 Rxf1+ 36. Qxf1 Qg3 37. Qg2
Qe1+ 38. Kh2 Qe5+ 39. Kg1 Qe1+ 40. Qf1 Qg3+ 41. Qg2 Qe1+ 1/2-1/2

[Event "OHRA-A"]
[Site "Amsterdam"]
[Date "1990.??.??"]
[Round "3"]
[White "Van der Wiel, John"]
[Black "Portisch, Lajos"]
[Result "1/2-1/2"]
[WhiteElo "2555"]
[BlackElo "2590"]
[Annotator "Bulletin"]
[PlyCount "56"]
[EventDate "1990.07.??"]
[EventType "tourn"]
[EventRounds "10"]
[EventCountry "NED"]
[EventCategory "14"]
[SourceTitle "CBM 020"]
[Source "ChessBase"]
[SourceDate "1991.02.01"]
[SourceVersion "1"]
[SourceVersionDate "1991.02.01"]
[SourceQuality "1"]

1. e4 c5 2. Nf3 d6 3. d4 cxd4 4. Nxd4 Nf6 5. Nc3 a6 6. f4 e5 7. Nf3 Nbd7 8. Bd3
(8. a4 d5 $1) 8... b5 9. a3 Be7 10. O-O O-O 11. Kh1 Re8 $1 {N} (11... Bb7 12.
Nh4 (12. Bd2 { 1/4d1-e2}) 12... g6 13. Nf3 Nh5 14. fxe5 dxe5 15. Bh6 Re8 16.
Qd2 $14) 12. Qe2 (12. Nh4 Nc5 13. fxe5 dxe5 14. Nf5 Bxf5 15. Rxf5 Nfxe4 {
15...[]xd3} 16. Nxe4 Nxe4 17. Be3 Nc5 18. Bxc5 Bxc5 19. Rxf7 e4 20. Rd7 Qg5 $17
) 12... Bb7 13. fxe5 dxe5 14. Nh4 g6 (14... Nxe4 $2 15. Nxe4 Bxh4 16. Nd6) 15.
Bg5 Qb6 16. a4 $5 {16.<<ad1; 16.[]f2} (16. Rf3 Nh5 $1 17. Bxe7 Rxe7 18. Nf5) (
16. Nf5 $2 gxf5 17. Rxf5 Kh8 18. Raf1 Ng8 $1) 16... b4 $5 {16...ba4 ?!} 17. Nb1
Nh5 $1 18. Bxe7 (18. Bc4 Bxg5 19. Rxf7 Bxh4 20. Rf6+ Kh8 21. Rxb6 Nxb6 $17)
18... Rxe7 19. Nf5 (19. Nd2 Nf4) (19. g3 Nc5 {;19...[]f6!?}) 19... gxf5 20.
Qxh5 fxe4 (20... Qg6 21. Qh4 Qf6 22. Qg3+ $10) 21. Qh4 $1 exd3 (21... f6 {
;21...<<ae8} 22. Bxe4 Qd4 23. Qg3+ Rg7 24. Qb3+ $1) 22. Qxe7 Qc6 $1 (22... Qg6
23. Rf2 $1 dxc2 24. Nd2) 23. Rg1 (23. Qxf7+ Kh8 24. Rg1 Rg8 $19) (23. Rf2 dxc2)
23... dxc2 24. Nd2 a5 25. Rac1 Rc8 (25... Qxa4 26. Nc4) 26. Nb3 $1 (26. b3 Qe6
$1 27. Qxe6 fxe6 28. Nc4 $2 Rxc4 29. bxc4 b3 $19) 26... Qxa4 $6 (26... Qe6 $1
27. Qxe6 fxe6 28. Nxa5 $2 (28. Na1 Be4) (28. Rge1 $1 Nc5 (28... Bd5 29. Re3
Bxb3 30. Rxb3 Nc5 31. Rxc2 Rd8 32. Rg3+) (28... Nf6 $1 29. Rxe5 $6 (29. Nxa5 $6
Bd5 30. b3 $1 Be4 $1 31. Re2 Rc5 32. Nb7 Rd5 $19) (29. h3 $1 Bd5 30. Re3 Kf7
$17) 29... Bd5 30. Re3 Bxb3 31. Rxb3 Rd8 $19) 29. Nxc5 Rxc5 30. b3 $1 Rc3 31.
Re2 Rxb3 32. Rexc2) 28... Bd5 $1 { 29...<<c5}) 27. Rxc2 $1 Rxc2 28. Qg5+ Kh8 {
= 1/4d8+-g5+-d8+} 1/2-1/2

[Event "World Cup"]
[Site "Skelleftea"]
[Date "1989.08.??"]
[Round "6"]
[White "Sax, Gyula"]
[Black "Kasparov, Garry"]
[Result "1/2-1/2"]
[WhiteElo "2580"]
[BlackElo "2775"]
[Annotator "Bulletin"]
[PlyCount "61"]
[EventDate "1989.08.??"]
[EventType "tourn"]
[EventRounds "15"]
[EventCountry "SWE"]
[EventCategory "16"]
[SourceTitle "CBM 014"]
[Source "ChessBase"]
[SourceDate "1990.02.01"]
[SourceVersion "1"]
[SourceVersionDate "1990.02.01"]
[SourceQuality "1"]

1. e4 c5 2. Nf3 d6 3. d4 cxd4 4. Nxd4 Nf6 5. Nc3 a6 6. f4 e6 7. Bd3 (7. g4 $6
e5 $1 8. Nf5 h5 9. fxe5 (9. g5 Nxe4 $1) 9... Nxg4 10. Bf4 Bxf5 11. exf5 dxe5
12. Qxd8+ Kxd8 13. Rd1+ Nd7 14. h3 exf4 15. hxg4 Bb4 $17) 7... Nbd7 8. Nf3 g6
9. O-O Bg7 10. a4 O-O 11. Qe2 {Bulletin: '11.Qe1 /\ Qh4'} Qc7 12. Kh1 b6 13. e5
dxe5 14. fxe5 Ng4 15. Bf4 Bb7 16. Be4 Bxe4 17. Qxe4 Ngxe5 18. Rae1 f6 19. Bxe5
Nxe5 20. Nxe5 fxe5 21. Rxf8+ Rxf8 22. Qe2 {Bulletin: 'Soweit hatte Sax alles
zuhause vorbereitet, er glaubte sehr gut zu stehen.'} Qc6 {'=/+!' Bulletin.
Bulletin: 'N'} 23. h3 e4 24. Qxa6 Bxc3 25. bxc3 Qxc3 26. Rxe4 Qxc2 27. Rxe6
Qc1+ 28. Kh2 Rf1 29. Qa8+ Kg7 30. Qe4 Qc7+ 31. Qe5+ 1/2-1/2

[Event "URS-ch U26"]
[Site "Tbilisi"]
[Date "1989.??.??"]
[Round "?"]
[White "Ulybin, Mikhail"]
[Black "Neverov, Valeriy"]
[Result "1/2-1/2"]
[WhiteElo "2445"]
[BlackElo "2430"]
[Annotator "Bulletin"]
[PlyCount "39"]
[EventDate "1989.01.??"]
[EventType "tourn"]
[EventRounds "15"]
[EventCountry "URS"]
[EventCategory "9"]
[SourceTitle "CBM 012"]
[Source "ChessBase"]
[SourceDate "1989.10.01"]
[SourceVersion "1"]
[SourceVersionDate "1989.10.01"]
[SourceQuality "1"]

1. e4 c5 2. Nf3 d6 3. d4 cxd4 4. Nxd4 Nf6 5. Nc3 a6 6. f4 e5 7. Nf3 Nbd7 8. a4
Be7 9. Bd3 O-O 10. O-O Nc5 11. Qe1 (11. Kh1 d5 $1 $10) 11... d5 $5 $10 (11...
Be6 12. Kh1 exf4 $10 {De Firmian,N-Browne,W/USA-ch/1984/}) 12. fxe5 Nfxe4 13.
Nxe4 (13. Bxe4 dxe4 14. Nxe4 Bf5 15. Nxc5 Bxc5+ 16. Be3 Bxe3+ 17. Qxe3 Bxc2 $10
) 13... dxe4 14. Bxe4 Be6 15. b3 f5 16. exf6 Bxf6 17. Ba3 Nxe4 18. Qxe4 Re8 19.
Rae1 Qb6+ 20. Qe3 1/2-1/2

[Event "BUL-ch"]
[Site "Sofia"]
[Date "1996.??.??"]
[Round "2"]
[White "Petrov, Marian"]
[Black "Kolev, Atanas"]
[Result "0-1"]
[WhiteElo "2400"]
[BlackElo "2520"]
[Annotator "Bulletin"]
[PlyCount "58"]
[EventDate "1996.??.??"]
[EventType "k.o."]
[EventRounds "5"]
[EventCountry "BUL"]
[SourceTitle "EXT 1999"]
[Source "ChessBase"]
[SourceDate "1998.11.16"]
[SourceVersion "1"]
[SourceVersionDate "1998.11.16"]
[SourceQuality "1"]

1. e4 c5 2. Nf3 d6 3. d4 cxd4 4. Nxd4 Nf6 5. Nc3 a6 6. f4 Nbd7 7. Nf3 e5 8. a4
Be7 9. Bd3 O-O 10. O-O exf4 11. Bxf4 Qb6+ 12. Kh1 Qxb2 13. Nd5 (13. Qd2 Qb6 14.
Nd5 Nxd5 15. exd5 Nc5 16. Rae1 Qd8 17. h3 Bd7 18. a5 Rc8 19. Re3 Nxd3 20. Qc1)
13... Nxd5 14. exd5 Qb6 (14... Qb4) 15. Qe1 Qd8 16. c4 Nc5 17. Bc2 Bg4 18. Qg3
Bxf3 19. Rxf3 Bh4 20. Qh3 g6 21. Bh6 (21. Raf1) 21... Bf6 22. Raf1 Bg7 23. g4 (
23. Bxg7 Kxg7 24. Rxf7+ $2 Rxf7 25. Rxf7+ Kxf7 26. Qxh7+ Kf6 27. Qxg6+ Ke5 28.
Qg3+ Kd4 $19) 23... Qe7 (23... f6 $6 24. Bxg6 $5 (24. Bf4 Re8 {/\ Ne4}) 24...
hxg6 25. Bxg7 (25. g5 Qd7 $1 $19) 25... Kxg7 26. g5 Rh8 (26... Qd7 27. Qh6+ Kg8
28. gxf6 $1 (28. Rxf6 Qg7 29. Rxg6 Rxf1+ 30. Kg2 Rf7 31. h4 Rd8 $17) 28... Qh7
29. Qe3 $1 $16 {/\ Rg3} Rae8 $2 30. f7+ $1 $18) 27. gxf6+ Kf7 28. Qg3 $1 $40
Nd7 (28... Qd7 29. Re3 Kf8 (29... Rae8 30. Re7+ Rxe7 31. fxe7+ Kxe7 32. Qg5+
Ke8 33. Qxg6+ Kd8 34. Qf6+ $18) 30. Qxg6 Qh7 31. Qg3 Rd8 32. Re7 Qh6 33. Rc7
Rg8 34. Qe1 Re8 35. Qxe8+ Kxe8 36. f7+ $18) (28... Re8 {/\ Re5} 29. Rg1 Rg8 30.
Re3 Kxf6 (30... Qxf6 31. Rf3) 31. Qh4+ g5 32. Qh6+ $18 {/\ Rf1}) (28... Ne4 29.
Qf4 Re8 30. Qh6 $18) (28... Rh5 {/\ Re5} 29. Rg1 $16) 29. Qxd6 Re8 30. Rh3 $1
Nf8 (30... Nxf6 31. Rxf6+ $1 Qxf6 32. Rh7+ Kg8 33. Qxf6 Kxh7 34. Qf7+ $18) 31.
Qf4 Re2 $8 32. Re3 $2 {0-1 Jepson,Ch-Rodriguez,Am/Mondariz Balneario 62/295
1994} (32. Qh6 $1 Qd6 33. Qg7+ Ke8 34. Rh8 $16)) (23... Rc8 $2 24. g5 Rc7 25.
Bxg7 Kxg7 26. Qh6+ Kg8 27. Bxg6 $1 hxg6 28. Rh3 f5 29. gxf6 $18) (23... Nd7 $2
24. Bxg7 Kxg7 25. Rxf7+ $3 Rxf7 26. Rxf7+ Kxf7 27. Qxh7+ Kf8 (27... Kf6 28.
Qxg6+ Ke5 29. Qe4+ Kf6 30. g5+ $1 Kxg5 (30... Kg7 31. Qh7+ Kf8 32. Qh8+ $18)
31. Qg6+ Kh4 (31... Kf4 32. Qg3#) 32. Bd1 $1 $18) 28. Qh6+ Kf7 (28... Kg8 29.
Qxg6+ Kf8 30. Qh6+ Kf7 31. Bg6+ {- 28... Kf7}) 29. Bxg6+ Kf6 30. Bf5+ $3 Ke5 (
30... Kf7 $2 31. Be6+) 31. Qe3+ Kf6 32. Qe6+ Kg5 (32... Kg7 $2 33. Qg6+ Kf8 34.
Qh6+ $1 Kf7 35. Be6+ $18) 33. Kg2 $3 {/\ h4+-} Qh8 (33... Ne5 34. h4+ $18) (
33... Qf6 34. Qe3+ Kh4 35. Qg3+ Kg5 36. h4+ Kh6 37. g5+ $18) (33... Nf6 34.
Qe3+ Kh4 35. Qh6+ $18) (33... Qf8 34. Kg3 Qf6 35. h4+ $18) (33... Qe8 34. h4+
Kf4 35. Qh6+ Ke5 36. Qe3+ Kf6 37. Qg5+ $1 $18) 34. Qe3+ Kh4 $145 $1 (34... Kf6
35. Bxd7 $18)) 24. g5 $6 (24. Re3 $1 Be5 $5 (24... Qd7 25. Bxg7 Kxg7 26. Qh4
$40) 25. Bxf8 Rxf8 26. Qh6 f6 $44) (24. Bxg7 Kxg7 25. Re3 Qg5 26. Qg3 Rae8 (
26... b6 $5 27. h4 Qd8 {/\ Ra7}) 27. Rxe8 Rxe8 28. Qxd6 $13) 24... Rae8 25.
Bxg7 Kxg7 26. Qh6+ Kg8 27. Rh3 f5 28. gxf6 Rxf6 29. Rxf6 Qe1+ (29... Qe1+ $1
30. Kg2 Re2+ 31. Kf3 Qf1+ 32. Kg4 Rg2+ $19) 0-1

[Event "Hoogovens"]
[Site "Wijk aan Zee"]
[Date "1984.01.27"]
[Round "12"]
[White "Van der Wiel, John"]
[Black "Beliavsky, Alexander G"]
[Result "0-1"]
[WhiteElo "2515"]
[BlackElo "2565"]
[Annotator "Bulletin"]
[PlyCount "106"]
[EventDate "1984.01.13"]
[EventType "tourn"]
[EventRounds "13"]
[EventCountry "NED"]
[EventCategory "13"]
[SourceTitle "MCL"]
[Source "ChessBase"]
[SourceDate "1999.07.01"]
[SourceVersion "1"]
[SourceVersionDate "1999.07.01"]
[SourceQuality "1"]

1. e4 c5 2. Nf3 d6 3. d4 cxd4 4. Nxd4 Nf6 5. Nc3 a6 6. f4 e5 7. Nf3 Qc7 8. Bd3
Nbd7 9. O-O b5 10. Qe2 Bb7 11. Bd2 g6 12. b4 $5 Bg7 13. fxe5 dxe5 14. a4 bxa4
15. Rxa4 (15. Nxa4 $5 {/\ c4-c5}) 15... O-O 16. Rfa1 (16. Bxa6 $2 Qb6+ 17. Be3
Bxa6 $19) 16... Rfb8 $1 17. Kh1 $6 (17. Bxa6 $6 Bxa6 18. Rxa6 Rxa6 19. Rxa6
Rxb4 $15) (17. Nd1) 17... Bf8 18. Nd1 (18. b5 $6 axb5 19. Nxb5 Rxa4 20. Rxa4
Qc6 21. Nc3 Nc5 $17) 18... Bc6 19. Rxa6 Rxa6 20. Rxa6 Bxb4 21. Bg5 (21. Bxb4
Rxb4 $15 {>< e4}) 21... Be7 22. Ra1 Nc5 $15 23. Nc3 Rb2 24. Rf1 Nxd3 25. Qxd3
Rb4 26. Nd2 Nh5 27. Bh6 (27. Bxe7 Qxe7 28. Nd5 Bxd5 29. Qxd5 (29. exd5 Rd4 $17)
29... Rd4 $15) 27... Rd4 28. Qe3 Nf6 29. Qf3 Qd6 30. Rf2 Qe6 31. h3 Nh5 32. Nb3
Rd8 33. Rd2 Rc8 34. Na5 $2 (34. Nd5 $15) 34... Ba8 35. Nd5 Bd8 $1 $17 36. Qa3
$2 (36. Nb3) 36... Bh4 $1 37. Kh2 (37. Qe3 Ng3+ 38. Kg1 Qa6 $19) 37... Bxd5 $1
38. Rxd5 (38. exd5 Qf6 $17 {/\ g5}) 38... Qf6 39. Qd3 g5 $1 40. Rd6 Qf4+ $19
41. Kh1 Ng3+ 42. Kg1 Qc1+ 43. Qd1 Qxd1+ 44. Rxd1 f6 45. Nb7 Nxe4 46. Rd7 Bf2+
47. Kf1 Rxc2 48. Rd8+ Kf7 49. Nd6+ Nxd6 50. Rxd6 e4 51. Rd7+ Ke6 52. Rxh7 Bc5
53. Rh8 Rf2+ 0-1

[Event "Bugojno"]
[Site "Bugojno"]
[Date "1978.03.07"]
[Round "9"]
[White "Byrne, Robert Eugene"]
[Black "Bukic, Enver"]
[Result "1-0"]
[WhiteElo "2550"]
[BlackElo "2500"]
[Annotator "Bulletin"]
[PlyCount "78"]
[EventDate "1978.02.27"]
[EventType "tourn"]
[EventRounds "15"]
[EventCountry "YUG"]
[EventCategory "14"]
[SourceTitle "MCL"]
[Source "ChessBase"]
[SourceDate "1999.07.01"]
[SourceVersion "1"]
[SourceVersionDate "1999.07.01"]
[SourceQuality "1"]

1. e4 c5 2. Nf3 d6 3. d4 cxd4 4. Nxd4 Nf6 5. Nc3 a6 6. f4 Qc7 7. a4 g6 8. Be2
Bg7 9. O-O O-O 10. Be3 Nbd7 11. g4 (11. Kh1 Nc5 12. Bf3 e5 13. Nb3 Rd8 14. Nxc5
dxc5 15. Qc1 Be6 16. f5 gxf5 17. exf5 Bxf5 {Sigurjonsson-Savon, Ljubljana 1977}
18. Bg5 $1 $16) 11... Nc5 12. Bf3 e5 13. Nb3 Nxb3 14. cxb3 exf4 15. Bxf4 Qb6+ (
15... Rd8 16. g5 {/\Nd5}) 16. Kh1 Be6 17. a5 (17. Bxd6 Rfd8 18. e5 Ne8 19. Nd5
$10) 17... Qxb3 18. Qxb3 Bxb3 19. Bxd6 Rfd8 20. Bg3 (20. e5 Ne8) 20... Nd7 (
20... Rac8 $5) 21. Nd5 Ne5 22. Nb6 Rab8 23. Rac1 Rd3 24. Be2 Re3 (24... Rd4)
25. Bc4 Re8 (25... Bxc4 26. Nxc4 Rxe4 27. Rfe1 Rxe1+ 28. Rxe1 f6 29. g5 Rc8 30.
Nd6 Rc6 31. gxf6 Bxf6 $10) 26. Bd5 $1 (26. Bf4 Nxc4 27. Nxc4 Bxc4 (27... R3xe4
{/\28.Nd6 Bd5})) 26... Nc6 (26... Bxd5 27. exd5 Nxg4 28. d6 $16) 27. Nc4 Bxc4
28. Rxc4 Re7 (28... Ne5 29. Bxe5 Rxe5 30. Rc8+ Bf8 31. Rxf7 $18) 29. Bxc6 bxc6
30. Rxc6 Bxb2 (30... R7xe4 31. Rxa6 Bxb2 32. Rb1 $16) 31. Rxa6 (31. Rc8+ Kg7
32. Bd6 R3xe4 33. Bxe7 Rxe7 $13) 31... R3xe4 32. Ra8+ Kg7 33. a6 Ra4 $2 (33...
Bd4 $13) 34. Bd6 $1 $18 Ba3 35. Bxe7 Bxe7 36. Ra7 Kf8 37. g5 Ra5 38. h4 Ra2 39.
Rc1 Ra4 1-0

[Event "Riga zt"]
[Site "Riga"]
[Date "1995.??.??"]
[Round "10"]
[White "Sulskis, Sarunas"]
[Black "Rytshagov, Mikhail"]
[Result "1-0"]
[WhiteElo "2470"]
[BlackElo "2485"]
[Annotator "Chekhov,V"]
[PlyCount "83"]
[EventDate "1995.03.??"]
[EventType "tourn"]
[EventRounds "13"]
[EventCountry "LAT"]
[EventCategory "10"]
[SourceTitle "CBM 047"]
[Source "ChessBase"]
[SourceDate "1995.08.01"]
[SourceVersion "1"]
[SourceVersionDate "1995.08.01"]
[SourceQuality "1"]

1. e4 c5 2. Nf3 d6 3. d4 cxd4 4. Nxd4 Nf6 5. Nc3 a6 6. f4 e5 7. Nf3 Nbd7 8. a4
Be7 9. Bd3 O-O 10. O-O exf4 11. Kh1 Nc5 (11... Ne5 $5) 12. Bxf4 Bg4 13. Qe1 (
13. Be3 $5 Rc8 (13... Bh5 14. Bxc5 $1 dxc5 15. e5 Ne8 16. Qe1 $16) 14. Qd2 Nxd3
$1 15. Qxd3 Be6 $10 {Shmuter/}) (13. Qd2 Bh5 14. Rae1 Bg6 $132 {Kamsky,
G-Ivanchuk,V/Luzern/1993/0,5/42/}) 13... Re8 (13... Rc8 $5 14. Qg3 Bh5 15. Be3
Bg6 16. Bd4 Re8 17. Rae1 Qd7 18. b3 Bd8 $13 {Sherzer,J-Wolff,P/New York op/
1994/}) 14. Qg3 Qd7 $5 {N/} (14... Bh5 $5) 15. Be3 Rac8 16. Nd4 Bd8 $6 (16...
Bh5 17. Nf5 Bg6) 17. h3 Be6 (17... Bh5 18. Nf5 Bg6 19. Nxd6 Bc7 20. e5) 18. Bh6
g6 (18... Nh5 19. Qf3) 19. Qf3 Nxd3 20. cxd3 $16 Rc5 21. Nxe6 (21. Be3 $5 Rc8
22. Rf2 {/\Raf1/}) 21... fxe6 22. Be3 Rc8 23. d4 Nh5 $6 (23... Qg7 $1 {/\Rf8/})
24. g4 $1 Ng7 (24... Nf6 25. e5 dxe5 26. dxe5 Nd5 27. Rad1) 25. Bh6 Bb6 26. Qd3
Rf8 27. Kg2 Rxf1 28. Rxf1 Rf8 29. Rxf8+ Kxf8 30. Ne2 $16 Kg8 31. Nf4 Qf7 32.
Qc4 Ne8 $1 33. Ne2 (33. Nxe6 Bxd4 $1) 33... d5 34. Qb3 Ba7 35. exd5 exd5 36.
Bf4 Nf6 37. Be5 Nd7 38. Bg3 (38. Qxb7 $2 Nxe5 39. Qc8+ Kg7 40. dxe5 Qf2+ $19)
38... Nf6 39. Qc3 Qe6 $6 (39... Ne4 40. Qc8+ Kg7 41. Be5+ Kh6 42. Nf4 g5 43.
Qe6+ Qxe6 44. Nxe6) 40. Be5 Ne4 (40... Nd7 41. Qc8+ Kf7 42. Qxb7) 41. Qc7 $18
Qf7 42. Qd8+ (42. Qd8+ Qf8 43. Qxd5+ $18) 1-0

[Event "Vladivostok op2"]
[Site "Vladivostok"]
[Date "1995.??.??"]
[Round "9"]
[White "Semeniuk, Alexander A"]
[Black "Nevostrujev, Vladimir"]
[Result "1-0"]
[WhiteElo "2415"]
[BlackElo "2410"]
[Annotator "Chekhov,V"]
[PlyCount "105"]
[EventDate "1995.??.??"]
[EventType "swiss"]
[EventRounds "9"]
[EventCountry "RUS"]
[SourceTitle "CBM 049 Extra"]
[Source "ChessBase"]
[SourceDate "1996.01.01"]
[SourceVersion "1"]
[SourceVersionDate "1996.01.01"]
[SourceQuality "1"]

1. e4 c5 2. Nf3 d6 3. d4 cxd4 4. Nxd4 Nf6 5. Nc3 a6 6. f4 e5 7. Nf3 Nbd7 8. Bd3
Be7 9. O-O O-O 10. a4 Nc5 11. Qe1 exf4 12. Bxf4 Bd7 (12... Re8 $5 13. Kh1 Bg4
14. Be3 Rc8 15. Nd4 Qd7 16. Qg3 Bd8 17. h3 Bh5 18. Nf5 Bg6 19. Bd4 Nh5 20. Qg4
Ne6 $10 {Savon,V-Novikov,I/Alushta/1992/0,5/22/}) (12... Be6 $5 13. Kh1 Rc8 14.
Bg5 d5 15. e5 Nxd3 16. cxd3 Nd7 17. Qg3 Bxg5 18. Nxg5 Qb6 19. Rf2 Qd4 $132 {
Almasi,Z-Juhasz,J/HUN/1992/0,5/38/}) (12... Qb6 $5 13. Kh1 Qxb2 14. Rb1 Nxd3
15. cxd3 Qc2 16. Rc1 (16. d4 $5) 16... Qxd3 17. Nd5 Bd8 18. Bxd6 Re8 19. Rc3
Qxd5 20. exd5 Rxe1 21. Rxe1 Ba5 22. Be5 Bxc3 23. Bxc3 Bd7 $17 {Bigaliev,
R-Enders,P/Budapest/1995/0|1/46/}) 13. Kh1 Rc8 14. a5 (14. Bg5 Be6 15. Rb1 d5
16. e5 Nxd3 17. cxd3 Nd7 18. Qg3 Bxg5 19. Nxg5 Qe7 20. Ne2 $36 {Bielczyk,
J-Groszpeter,A/Berlin/1990/1|0/47/}) 14... Re8 15. Nd4 Be6 16. Nxe6 Nxe6 (16...
fxe6 17. e5 dxe5 18. Qxe5 $14) 17. Be3 Nd7 18. Qf2 Ne5 (18... Bf6 19. Nd5 $16)
19. Nd5 Bh4 20. Qe2 (20. g3 Bg5 21. Bb6 Qd7 $13) 20... Bg5 21. Bb6 Qd7 22. c3
Ng6 (22... Nxd3 23. Qxd3 Nc5 24. Bxc5 Rxc5 (24... dxc5 25. Nf6+ $18) 25. Rf5
Qd8 (25... Bd8 26. Nf6+ Bxf6 27. Rxc5 $18) 26. b4 Rc8 27. Raf1 $36) (22... Bd8
$5) 23. Bc2 Nef4 24. Qd1 Nxd5 25. exd5 Re5 26. Qf3 Qe7 (26... Rce8 $2 27. Ba4
$18) 27. Bd4 Re2 28. Bd3 Rxb2 29. Rae1 Qf8 (29... Qc7 30. Bb6 Qd7 31. Bf5 $18)
(29... Ne5 30. Qf5 $18) 30. Qg4 f6 (30... Be7 $2 31. Bxg6 hxg6 32. Rxe7 $18) (
30... Bd2 31. Rxf7 $1 Bxe1 32. Rxf8+ Rxf8 33. Qe6+ Kh8 34. Qxe1 $18) 31. Bf5 (
31. Bxg6 hxg6 32. Qe6+ Kh7 33. Rf3 Rc7 $13) 31... Rc7 32. Qh3 Bh6 (32... Re7 $5
) 33. Rf3 Re7 34. Be6+ Kh8 35. Ref1 Rxe6 (35... Nf4 36. Qxh6 $5 gxh6 37. Rxf4
$18) (35... Bg5 $5) 36. dxe6 Rb5 37. Qxh6 $1 gxh6 38. Rxf6 Qxf6 39. Rxf6 Kg8
40. Kg1 Rb1+ (40... Rxa5 41. Rf7 Rb5 42. Rg7+ Kf8 43. Rxh7 $16) 41. Kf2 Rb2+
42. Kf3 Rb5 (42... Ne5+ 43. Bxe5 dxe5 44. e7 $18) 43. Ke4 Rxa5 44. Rf7 $18 d5+
45. Kf3 Ra1 46. Rxb7 Rf1+ 47. Bf2 h5 48. Ke2 Ra1 49. Be3 Kf8 50. Bh6+ (50. Bc5+
Kg8 51. Rb8+ Kg7 52. e7 $18) 50... Ke8 51. Bg5 Kf8 52. Bf6 Ra2+ 53. Ke3 1-0